|
|
|
|
| LEADER |
01465nam a2200373 a 4500 |
| 001 |
EBC3050724 |
| 003 |
MiAaPQ |
| 005 |
20200520144314.0 |
| 006 |
m o d | |
| 007 |
cr cn||||||||| |
| 008 |
991029s2000 dcua sb i000 0 eng |
| 010 |
|
|
|z 99056889
|
| 020 |
|
|
|z 0821346296
|
| 035 |
|
|
|a (MiAaPQ)EBC3050724
|
| 035 |
|
|
|a (Au-PeEL)EBL3050724
|
| 035 |
|
|
|a (CaPaEBR)ebr10065766
|
| 035 |
|
|
|a (OCoLC)47008134
|
| 040 |
|
|
|a MiAaPQ
|c MiAaPQ
|d MiAaPQ
|
| 050 |
|
4 |
|a HG5822
|b .A36 2000
|
| 082 |
0 |
4 |
|a 332.67/3/096
|2 21
|
| 245 |
0 |
0 |
|a Administrative barriers to foreign investment
|h [electronic resource] :
|b reducing red tape in Africa /
|c by James J. Emery ... [et al.].
|
| 260 |
|
|
|a Washington, D.C. :
|b World Bank,
|c c2000.
|
| 300 |
|
|
|a xi, 195 p. :
|b ill.
|
| 490 |
1 |
|
|a Occasional paper (Foreign Investment Advisory Service) ;
|v 14
|
| 504 |
|
|
|a Includes bibliographical references.
|
| 533 |
|
|
|a Electronic reproduction. Ann Arbor, MI : ProQuest, 2015. Available via World Wide Web. Access may be limited to ProQuest affiliated libraries.
|
| 650 |
|
0 |
|a Investments
|z Africa.
|
| 650 |
|
0 |
|a Investments, Foreign
|x Law and legislation
|z Africa.
|
| 650 |
|
0 |
|a Bureaucracy
|z Africa.
|
| 655 |
|
4 |
|a Electronic books.
|
| 700 |
1 |
|
|a Emery, James J.
|
| 710 |
2 |
|
|a ProQuest (Firm)
|
| 830 |
|
0 |
|a Occasional paper (Foreign Investment Advisory Service) ;
|v 14.
|
| 856 |
4 |
0 |
|u https://ebookcentral.proquest.com/lib/matrademy/detail.action?docID=3050724
|z Click to View
|